Sanchayita/ (Record no. 145115)

000 -LEADER
fixed length control field 00389nam a22001577a 4500
020 ## - INTERNATIONAL STANDARD BOOK NUMBER
ISBN 9788188935178
082 ## - DEWEY DECIMAL CLASSIFICATION NUMBER
Classification number H1
Item number KES/S
100 ## - MAIN ENTRY--AUTHOR NAME
Personal name Kesharinath Tripathi
245 ## - TITLE STATEMENT
Title Sanchayita/
Statement of responsibility, etc by Kesharinath Tripathi
260 ## - PUBLICATION, DISTRIBUTION, ETC. (IMPRINT)
Place of publication Allahabad:
Name of publisher Vachan Publication,
Year of publication 2015.
300 ## - PHYSICAL DESCRIPTION
Number of Pages 456p.
650 ## - SUBJECT ADDED ENTRY--TOPICAL TERM
Topical Term Poetry Hindi
650 ## - SUBJECT ADDED ENTRY--TOPICAL TERM
Topical Term Literature Hindi
650 ## - SUBJECT ADDED ENTRY--TOPICAL TERM
Topical Term Literature
942 ## - ADDED ENTRY ELEMENTS (KOHA)
Koha item type Book
Holdings
Withdrawn status Lost status Damaged status Not for loan Permanent Location Current Location Shelving location Date acquired Cost, normal purchase price Full call number Accession Number Price effective from Koha item type
        Sree Sankaracharya University of Sanskrit Sree Sankaracharya University of Sanskrit Stacks 15.09.2020 1500.00 H1 KES/S 100394 15.09.2020 Book